[Event "Mar del Plata op 48th"]
[Site "Mar del Plata"]
[Date "2017.04.15"]
[Round "9"]
[White "Van Riemsdijk, Herman Claudius"]
[Black "Rodriguez Vila, Andres"]
[Result "0-1"]
[WhiteElo "2318"]
[BlackElo "2478"]
[PlyCount "104"]
[EventDate "2017.04.08"]
[EventType "swiss"]
[EventRounds "9"]
[EventCountry "ARG"]
[SourceTitle "CBM 178 Extra"]
[Source "ChessBase"]
[SourceDate "2017.06.22"]
[SourceVersion "1"]
[SourceVersionDate "2017.06.22"]
[SourceQuality "1"]

1. e4 e6 2. d4 c5 3. d5 exd5 4. exd5 Nf6 5. Nf3 d6 6. Bb5+ Nbd7 7. O-O Be7 8.
Re1 O-O 9. Bf1 Nb6 10. Nc3 Bg4 11. h3 Bh5 12. Bf4 a6 13. a4 Re8 14. a5 Nbd7 15.
g4 Bg6 16. Nd2 h5 17. Nc4 hxg4 18. hxg4 b5 19. axb6 Nxb6 20. Ne3 Qc8 21. Na4
Nxa4 22. Rxa4 Bf8 23. f3 Nd7 24. Qd2 Ne5 25. Kg2 Qd8 26. Bg3 Qf6 27. Qf2 c4 28.
Be2 Bh7 29. f4 Be4+ 30. Kg1 Nd7 31. Bxc4 Qxb2 32. Rxa6 Rac8 33. Ra2 Qb4 34. Bf1
Rc3 35. Re2 Qc5 36. Bh4 Qd4 37. Ng2 Qxd5 38. Ra7 Rf3 39. Qxf3 Bxf3 40. Rxe8 Nf6
41. Rc8 Nxg4 42. Rd7 Qd4+ 43. Kh1 Bxg2+ 44. Kxg2 Ne3+ 45. Kh3 g5 46. Rdd8 g4+
47. Kg3 Nf5+ 48. Kh2 Qxf4+ 49. Kg1 Nxh4 50. Rxf8+ Kg7 51. Rg8+ Kf6 52. Bd3 Qg3+
0-1

[Event "Caba 2nd"]
[Site "Caba"]
[Date "2017.04.21"]
[Round "1"]
[White "Perez, Maximiliano"]
[Black "Rodriguez Vila, Andres"]
[Result "1/2-1/2"]
[WhiteElo "2406"]
[BlackElo "2478"]
[PlyCount "29"]
[EventDate "2017.04.21"]
[EventType "tourn"]
[EventRounds "9"]
[EventCountry "ARG"]
[EventCategory "3"]
[SourceTitle "CBM 178 Extra"]
[Source "ChessBase"]
[SourceDate "2017.06.22"]
[SourceVersion "1"]
[SourceVersionDate "2017.06.22"]
[SourceQuality "1"]

1. e4 Nc6 2. Nf3 d6 3. d4 Bg4 4. c3 e5 5. Be3 Nf6 6. Nbd2 Be7 7. Bb5 exd4 8.
cxd4 O-O 9. Bxc6 bxc6 10. Qc2 Rb8 11. O-O Bd7 12. Rfe1 Ng4 13. h3 Nxe3 14. Rxe3
Rb5 15. Rae1 1/2-1/2

[Event "Caba 2nd"]
[Site "Caba"]
[Date "2017.04.22"]
[Round "2"]
[White "Rodriguez Vila, Andres"]
[Black "Varacalli, Francisco"]
[Result "1-0"]
[WhiteElo "2478"]
[BlackElo "2088"]
[PlyCount "155"]
[EventDate "2017.04.21"]
[EventType "tourn"]
[EventRounds "9"]
[EventCountry "ARG"]
[EventCategory "3"]
[SourceTitle "CBM 178 Extra"]
[Source "ChessBase"]
[SourceDate "2017.06.22"]
[SourceVersion "1"]
[SourceVersionDate "2017.06.22"]
[SourceQuality "1"]

1. e4 e5 2. Nc3 Nc6 3. g3 Bc5 4. Bg2 d6 5. Nf3 a6 6. O-O Nge7 7. Nd5 O-O 8. c3
Ba7 9. d3 h6 10. Be3 Bxe3 11. fxe3 Nxd5 12. exd5 Ne7 13. Qb3 Rb8 14. c4 Bg4 15.
e4 Bxf3 16. Rxf3 c6 17. Raf1 b5 18. Qa3 Qb6+ 19. R1f2 c5 20. Bh3 Ng6 21. b3 a5
22. Qc1 a4 23. Qf1 Nh8 24. Be6 Qc7 25. h4 axb3 26. axb3 b4 27. Bg4 Ra8 28. Rf5
Ra3 29. Bd1 Ra1 30. Qe2 Qe7 31. Rf1 Rfa8 32. R5f2 R8a7 33. Qh5 R1a2 34. Rxa2
Rxa2 35. Qf5 Ra1 36. Qc8+ Kh7 37. Kh2 Ra2+ 38. Kh3 Ra1 39. Qg4 Ra7 40. Qf5+ Kg8
41. Bg4 Ra8 42. Qf2 Qc7 43. Bd1 Qd7+ 44. Kh2 Ra1 45. Qe2 Ra7 46. Rf2 Ra1 47.
Qh5 Qe7 48. Qg4 Ra8 49. h5 Qd8 50. Qf5 Ra3 51. Kh3 Ra1 52. Rf1 Ra2 53. Bg4 Ra3
54. Rb1 Ra2 55. Rd1 Ra3 56. d4 exd4 57. e5 dxe5 58. Qxe5 Ra6 59. Re1 Kf8 60. d6
Rxd6 61. Qxc5 f6 62. Rd1 Kg8 63. Bf3 Nf7 64. Bd5 Kf8 65. Rxd4 Ng5+ 66. Kg2 Qe7
67. Rf4 Rd8 68. Qb6 Rd7 69. Rf2 Qd6 70. Qxd6+ Rxd6 71. Ra2 Ne6 72. Ra8+ Ke7 73.
Rb8 Nc7 74. Rb7 Kd7 75. Be4 Rd2+ 76. Kh3 Kd6 77. Bf5 Na6 78. Rd7+ 1-0

[Event "Caba 2nd"]
[Site "Caba"]
[Date "2017.04.23"]
[Round "3"]
[White "Leon, Juan Carlos"]
[Black "Rodriguez Vila, Andres"]
[Result "0-1"]
[WhiteElo "2219"]
[BlackElo "2478"]
[PlyCount "90"]
[EventDate "2017.04.21"]
[EventType "tourn"]
[EventRounds "9"]
[EventCountry "ARG"]
[EventCategory "3"]
[SourceTitle "CBM 178 Extra"]
[Source "ChessBase"]
[SourceDate "2017.06.22"]
[SourceVersion "1"]
[SourceVersionDate "2017.06.22"]
[SourceQuality "1"]

1. e4 c5 2. Nf3 Nc6 3. Bb5 g6 4. Bxc6 dxc6 5. d3 Bg7 6. h3 Nf6 7. Nc3 O-O 8.
Bf4 Qb6 9. Be5 Nh5 10. Bxg7 Kxg7 11. Qc1 Qc7 12. e5 f5 13. Qe3 b6 14. O-O-O f4
15. Qe2 Kh8 16. Rhe1 Ng7 17. d4 Ne6 18. d5 cxd5 19. Nxd5 Qb7 20. Qe4 Qa6 21.
Nxe7 Qxa2 22. Rd6 Rb8 23. Qd5 Qa1+ 24. Kd2 Qxb2 25. Qb3 Qxb3 26. cxb3 Re8 27.
Nxc8 Rbxc8 28. Kc3 Kg7 29. h4 h6 30. Kc4 Kf7 31. Red1 Re7 32. Rd7 Nd4 33. Rxe7+
Kxe7 34. Ra1 b5+ 35. Kd5 Rd8+ 36. Ke4 Rd7 37. Ra6 Ne6 38. h5 c4 39. b4 c3 40.
Rc6 Rc7 41. Rxc7+ Nxc7 42. Kd3 gxh5 43. Kxc3 Nd5+ 44. Kb3 Ke6 45. Nd4+ Kxe5 0-1

[Event "Caba 2nd"]
[Site "Caba"]
[Date "2017.04.23"]
[Round "4"]
[White "Fernandez, Maria Florencia"]
[Black "Rodriguez Vila, Andres"]
[Result "0-1"]
[WhiteElo "2214"]
[BlackElo "2478"]
[PlyCount "52"]
[EventDate "2017.04.21"]
[EventType "tourn"]
[EventRounds "9"]
[EventCountry "ARG"]
[EventCategory "3"]
[SourceTitle "CBM 178 Extra"]
[Source "ChessBase"]
[SourceDate "2017.06.22"]
[SourceVersion "1"]
[SourceVersionDate "2017.06.22"]
[SourceQuality "1"]

1. d4 Nf6 2. c4 e6 3. Nc3 Bb4 4. a3 Bxc3+ 5. bxc3 b6 6. f3 d6 7. e4 O-O 8. Bd3
Nc6 9. Ne2 e5 10. O-O Ba6 11. f4 Nd7 12. f5 f6 13. Rf3 Rf7 14. Rh3 Na5 15. c5
Bxd3 16. Qxd3 bxc5 17. Be3 c4 18. Qd1 Nb3 19. Rb1 c6 20. dxe5 dxe5 21. Qd6 Nf8
22. Qxc6 Rc8 23. Qa6 Qd3 24. Re1 Rd8 25. Rf3 Qxe4 26. Ng3 Qd5 0-1

[Event "Caba 2nd"]
[Site "Caba"]
[Date "2017.04.24"]
[Round "5"]
[White "Rodriguez Vila, Andres"]
[Black "Ocantos, Manuel"]
[Result "1-0"]
[WhiteElo "2478"]
[BlackElo "2248"]
[PlyCount "73"]
[EventDate "2017.04.21"]
[EventType "tourn"]
[EventRounds "9"]
[EventCountry "ARG"]
[EventCategory "3"]
[SourceTitle "CBM 178 Extra"]
[Source "ChessBase"]
[SourceDate "2017.06.22"]
[SourceVersion "1"]
[SourceVersionDate "2017.06.22"]
[SourceQuality "1"]

1. d4 d5 2. Nf3 Nf6 3. e3 e6 4. b3 Be7 5. Bd3 c5 6. O-O Nc6 7. Bb2 Qb6 8. dxc5
Qxc5 9. Nc3 Bd7 10. a3 Rc8 11. e4 dxe4 12. Nxe4 Nxe4 13. Bxe4 Bf6 14. Bxf6 gxf6
15. Qd2 f5 16. Rad1 Qe7 17. Bd3 Rd8 18. b4 a6 19. Qh6 Qf8 20. Qf6 Rg8 21. Rfe1
Qg7 22. Qxg7 Rxg7 23. Bxf5 Ke7 24. Be4 Rc8 25. c4 Rc7 26. g3 f6 27. Bxc6 bxc6
28. Nd4 Kf7 29. Nb3 e5 30. Nc5 Bc8 31. Rd8 Rg4 32. f4 exf4 33. Ne4 Be6 34. Nd6+
Ke7 35. Re8+ Kxd6 36. R1xe6+ Kd7 37. R6e7+ 1-0

[Event "Caba 2nd"]
[Site "Caba"]
[Date "2017.04.25"]
[Round "6"]
[White "Abarca Gonzalez, Nicolas"]
[Black "Rodriguez Vila, Andres"]
[Result "0-1"]
[WhiteElo "2426"]
[BlackElo "2478"]
[PlyCount "60"]
[EventDate "2017.04.21"]
[EventType "tourn"]
[EventRounds "9"]
[EventCountry "ARG"]
[EventCategory "3"]
[SourceTitle "CBM 178 Extra"]
[Source "ChessBase"]
[SourceDate "2017.06.22"]
[SourceVersion "1"]
[SourceVersionDate "2017.06.22"]
[SourceQuality "1"]

1. e4 e6 2. d4 d5 3. exd5 exd5 4. c4 Nf6 5. Nc3 Nc6 6. Nf3 Be7 7. cxd5 Nb4 8.
Bb5+ Bd7 9. Bc4 Bf5 10. Bb5+ c6 11. dxc6 bxc6 12. Ba4 Nd3+ 13. Kf1 Ng4 14.
Bxc6+ Kf8 15. Bxa8 Ndxf2 16. Qb3 Qxa8 17. Rg1 Bd3+ 18. Ne2 Bd6 19. Bg5 Qe4 20.
Re1 Nh3 21. Qc3 Qf5 22. Rh1 Nxg5 23. Qc6 Nxh2+ 24. Kf2 Ne4+ 25. Ke3 Ng4+ 26.
Kxd3 g6 27. Rhf1 Nef2+ 28. Kd2 Kg7 29. Rxf2 Nxf2 30. Qxd6 Ne4+ 0-1

[Event "Caba 2nd"]
[Site "Caba"]
[Date "2017.04.26"]
[Round "7"]
[White "Rodriguez Vila, Andres"]
[Black "Dolezal, Cristian"]
[Result "1-0"]
[WhiteElo "2478"]
[BlackElo "2401"]
[PlyCount "91"]
[EventDate "2017.04.21"]
[EventType "tourn"]
[EventRounds "9"]
[EventCountry "ARG"]
[EventCategory "3"]
[SourceTitle "CBM 178 Extra"]
[Source "ChessBase"]
[SourceDate "2017.06.22"]
[SourceVersion "1"]
[SourceVersionDate "2017.06.22"]
[SourceQuality "1"]

1. e4 e6 2. d4 d5 3. Nd2 Nf6 4. e5 Nfd7 5. c3 c5 6. Bd3 Nc6 7. Ne2 cxd4 8. cxd4
f5 9. exf6 Nxf6 10. Nf3 Bd6 11. O-O O-O 12. Bg5 Bd7 13. Re1 Qc7 14. Bh4 a6 15.
Rc1 Nh5 16. Ng3 Nf4 17. Bb1 g6 18. Ne5 Bxe5 19. dxe5 Rf7 20. Qd2 Raf8 21. Qe3
h6 22. Ne2 Kg7 23. Nxf4 Rxf4 24. Qd3 Be8 25. Bf6+ R8xf6 26. exf6+ Rxf6 27. Re3
Qf4 28. Qc2 Qd4 29. Rd1 Qb6 30. Rb3 Qa7 31. Rc1 Nd4 32. Qc7+ Bf7 33. Re3 Nb5
34. Qe7 Qd4 35. Re2 Qf4 36. Rc8 Qd6 37. Qxd6 Nxd6 38. Rc7 b6 39. Rc6 Nc4 40. b3
Na3 41. Bd3 e5 42. Rc7 e4 43. Bxa6 Rd6 44. f3 Kf8 45. fxe4 d4 46. Rf2 1-0

[Event "Caba 2nd"]
[Site "Caba"]
[Date "2017.04.27"]
[Round "8"]
[White "Coro, Lucas"]
[Black "Rodriguez Vila, Andres"]
[Result "0-1"]
[WhiteElo "2238"]
[BlackElo "2478"]
[PlyCount "66"]
[EventDate "2017.04.21"]
[EventType "tourn"]
[EventRounds "9"]
[EventCountry "ARG"]
[EventCategory "3"]
[SourceTitle "CBM 178 Extra"]
[Source "ChessBase"]
[SourceDate "2017.06.22"]
[SourceVersion "1"]
[SourceVersionDate "2017.06.22"]
[SourceQuality "1"]

1. e4 e6 2. d4 d5 3. Nc3 Bb4 4. e5 c5 5. a3 Bxc3+ 6. bxc3 Ne7 7. h4 Qc7 8. Rb1
b6 9. h5 h6 10. a4 Ba6 11. Bb5+ Bxb5 12. axb5 a6 13. Qd3 axb5 14. Qxb5+ Nd7 15.
Qd3 Ra2 16. Ne2 cxd4 17. f4 O-O 18. Nxd4 Nc5 19. Qf3 Ne4 20. Rb3 Qc4 21. Qd3
Qxd3 22. cxd3 Nc5 23. Rb1 Nxd3+ 24. Kf1 Rc8 25. Nb5 Rc2 26. Be3 Nf5 27. Rh3
Nxe3+ 28. Rxe3 Nxf4 29. Rf3 Nxg2 30. Nd6 Ra8 31. Rf2 Ne3+ 32. Ke1 Rxf2 33. Kxf2
Ng4+ 0-1

[Event "Caba 2nd"]
[Site "Caba"]
[Date "2017.04.28"]
[Round "9"]
[White "Rodriguez Vila, Andres"]
[Black "Fell, Sebastian"]
[Result "1-0"]
[WhiteElo "2478"]
[BlackElo "2309"]
[PlyCount "107"]
[EventDate "2017.04.21"]
[EventType "tourn"]
[EventRounds "9"]
[EventCountry "ARG"]
[EventCategory "3"]
[SourceTitle "CBM 178 Extra"]
[Source "ChessBase"]
[SourceDate "2017.06.22"]
[SourceVersion "1"]
[SourceVersionDate "2017.06.22"]
[SourceQuality "1"]

1. c4 g6 2. g3 Bg7 3. Bg2 d6 4. Nc3 e5 5. Nf3 Nc6 6. O-O f5 7. d3 Nf6 8. Rb1 a5
9. a3 O-O 10. b4 axb4 11. axb4 h6 12. b5 Ne7 13. Qb3 Be6 14. Nd2 Rb8 15. Ra1 f4
16. Ra7 b6 17. Nde4 Nxe4 18. dxe4 Ra8 19. Rxa8 Qxa8 20. Nd5 Nxd5 21. cxd5 Bd7
22. Bd2 Rf7 23. Rc1 Qa7 24. e3 f3 25. Bf1 g5 26. Rc4 g4 27. Ra4 Qb8 28. Qa3 Qd8
29. Ra8 Bc8 30. Bb4 Bf6 31. Qc3 Rf8 32. Qc6 Kg7 33. Bd3 h5 34. Kf1 Kg6 35. Ke1
Kg7 36. Kd2 h4 37. Kc2 h3 38. Kb3 Kg6 39. Rb8 Be7 40. Bc3 Bf6 41. Bd4 Kg7 42.
Bxb6 cxb6 43. Rxb6 Be7 44. Rb8 Qd7 45. Qxd7 Bxd7 46. Rb7 Rd8 47. b6 Kf7 48. Rc7
Ke8 49. b7 Rb8 50. Bb5 Bxb5 51. Rc8+ Kd7 52. Rxb8 Kc7 53. Rg8 Kxb7 54. Rg7 1-0

[Event "Rosario Bandera Memorial"]
[Site "Rosario"]
[Date "2017.06.17"]
[Round "1"]
[White "Vazquez, Sebastian"]
[Black "Rodriguez Vila, Andres"]
[Result "0-1"]
[WhiteElo "1726"]
[BlackElo "2478"]
[PlyCount "52"]
[EventDate "2017.06.17"]
[EventType "swiss"]
[EventRounds "7"]
[EventCountry "ARG"]
[SourceTitle "CBM 179 Extra"]
[Source "ChessBase"]
[SourceDate "2017.08.23"]
[SourceVersion "1"]
[SourceVersionDate "2017.08.23"]
[SourceQuality "1"]

1. e4 c5 2. Nf3 Nc6 3. Bb5 g6 4. c3 Nf6 5. d3 Bg7 6. O-O O-O 7. h3 d5 8. e5 Ne8
9. d4 Nc7 10. Bd3 cxd4 11. cxd4 Nb4 12. Be2 Bf5 13. Na3 a5 14. Be3 Qd7 15. Qd2
Rfc8 16. b3 Nca6 17. Ne1 f6 18. f4 Qc6 19. Rc1 Qxc1 20. Qxc1 Rxc1 21. Bxc1 Nxa2
22. Nd3 Nc3 23. Kf2 Nb4 24. Ke3 Nxe2 25. Nxb4 axb4 26. Kxe2 bxa3 0-1

[Event "Rosario Bandera Memorial"]
[Site "Rosario"]
[Date "2017.06.17"]
[Round "2"]
[White "Rodriguez Vila, Andres"]
[Black "Savoretti, Ernesto"]
[Result "1-0"]
[WhiteElo "2478"]
[BlackElo "2026"]
[PlyCount "69"]
[EventDate "2017.06.17"]
[EventType "swiss"]
[EventRounds "7"]
[EventCountry "ARG"]
[SourceTitle "CBM 179 Extra"]
[Source "ChessBase"]
[SourceDate "2017.08.23"]
[SourceVersion "1"]
[SourceVersionDate "2017.08.23"]
[SourceQuality "1"]

1. e4 c5 2. Nf3 d6 3. d4 cxd4 4. Nxd4 Nf6 5. Nc3 g6 6. Be3 Bg7 7. f3 O-O 8. Qd2
Nc6 9. O-O-O d5 10. Kb1 Nxd4 11. e5 Nc6 12. exf6 exf6 13. Nxd5 Be6 14. c4 Ne7
15. Bc5 Nxd5 16. cxd5 Bf5+ 17. Bd3 Qxd5 18. Bxf8 Be6 19. b3 Rxf8 20. Bc4 Bf5+
21. Kb2 Qe5+ 22. Qd4 Qa5 23. Qd5 Qb6 24. Qd6 Qf2+ 25. Rd2 Qe3 26. Re2 Qh6 27.
Rhe1 b5 28. Bd5 Bc8 29. Bxf7+ Rxf7 30. Re8+ Rf8 31. Rxc8 f5+ 32. Kb1 Qh4 33.
Ree8 Qh5 34. Qe6+ Kh8 35. Qf7 1-0

[Event "Rosario Bandera Memorial"]
[Site "Rosario"]
[Date "2017.06.18"]
[Round "3"]
[White "Sanhueza, Cristian"]
[Black "Rodriguez Vila, Andres"]
[Result "0-1"]
[WhiteElo "2246"]
[BlackElo "2478"]
[PlyCount "74"]
[EventDate "2017.06.17"]
[EventType "swiss"]
[EventRounds "7"]
[EventCountry "ARG"]
[SourceTitle "CBM 179 Extra"]
[Source "ChessBase"]
[SourceDate "2017.08.23"]
[SourceVersion "1"]
[SourceVersionDate "2017.08.23"]
[SourceQuality "1"]

1. e4 c5 2. Nf3 Nc6 3. d4 cxd4 4. Nxd4 g6 5. Nc3 Bg7 6. Be3 Nf6 7. Bc4 O-O 8.
Bb3 Re8 9. O-O d6 10. h3 Bd7 11. f4 Qa5 12. Re1 Rad8 13. Qf3 Qh5 14. Nxc6 bxc6
15. Qxh5 Nxh5 16. g4 Bxc3 17. bxc3 Ng7 18. f5 c5 19. Rf1 gxf5 20. gxf5 Bb5 21.
c4 Bc6 22. Rf4 Nh5 23. Rg4+ Kh8 24. Bd2 Rg8 25. Bc3+ f6 26. Kf2 Rg7 27. a4 Rdg8
28. Kf3 Rg5 29. Rag1 Rxf5+ 30. Ke2 Rxg4 31. hxg4 Rg5 32. Ba5 Ng7 33. Kd3 Ne6
34. Bd2 Re5 35. Re1 Ng5 36. Bxg5 Rxg5 37. Rg1 Kg7 0-1

[Event "Rosario Bandera Memorial"]
[Site "Rosario"]
[Date "2017.06.18"]
[Round "4"]
[White "Rodriguez Vila, Andres"]
[Black "Tokman, Ariel"]
[Result "1-0"]
[WhiteElo "2478"]
[BlackElo "2283"]
[PlyCount "155"]
[EventDate "2017.06.17"]
[EventType "swiss"]
[EventRounds "7"]
[EventCountry "ARG"]
[SourceTitle "CBM 179 Extra"]
[Source "ChessBase"]
[SourceDate "2017.08.23"]
[SourceVersion "1"]
[SourceVersionDate "2017.08.23"]
[SourceQuality "1"]

1. e4 d6 2. d4 Nf6 3. f3 Nbd7 4. Be3 e5 5. d5 Be7 6. Qd2 O-O 7. c4 c6 8. Nc3 a6
9. Bd3 h6 10. Nge2 Nh7 11. g3 Nc5 12. Bc2 a5 13. O-O-O Nd7 14. Kb1 Re8 15. h4
Nb6 16. Qd3 c5 17. Rdg1 Bf8 18. g4 g6 19. Ng3 Bg7 20. Qe2 Kh8 21. Bd3 Qe7 22.
Qd2 Qf8 23. Nb5 Rd8 24. Nc7 Ra7 25. Rh2 Bd7 26. Rhg2 Na8 27. Nxa8 Raxa8 28. Qd1
Qe7 29. Rh1 a4 30. a3 Rdb8 31. Qc1 Qf8 32. Ne2 b5 33. cxb5 Bxb5 34. Bxb5 Rxb5
35. Nc3 Rb3 36. Ka2 Qb8 37. Rc2 Kg8 38. Rhh2 Qf8 39. Rhe2 Rb7 40. Nb1 Nf6 41.
Rh2 Nd7 42. Nd2 Kh7 43. Nf1 Rb3 44. Rce2 Rb7 45. Ng3 Qd8 46. Rc2 Nb8 47. Ka1
Na6 48. Ne2 Nc7 49. Nc3 Nb5 50. Nxb5 Rxb5 51. Bd2 Rb3 52. Bc3 Rab8 53. g5 h5
54. Rhf2 R8b7 55. Qf1 Qb6 56. Rc1 Kg8 57. Qc4 Qb5 58. Qxb5 R3xb5 59. Rcc2 R5b6
60. Bd2 Ra6 61. Kb1 Raa7 62. Rc3 Rb8 63. Rc4 Rb6 64. Bc3 Rb8 65. f4 exf4 66.
Bxg7 Kxg7 67. Rxf4 Rf8 68. Rf6 Rd8 69. Kc2 Kf8 70. Kc3 Ke7 71. e5 dxe5 72. Rxc5
Rd6 73. Rxd6 Kxd6 74. Kc4 Rb7 75. Rc6+ Kd7 76. Rf6 Ke8 77. Ra6 Rxb2 78. Kc5 1-0

[Event "Rosario Bandera Memorial"]
[Site "Rosario"]
[Date "2017.06.19"]
[Round "5"]
[White "Zapata Charles, Santiago"]
[Black "Rodriguez Vila, Andres"]
[Result "0-1"]
[WhiteElo "2318"]
[BlackElo "2478"]
[PlyCount "100"]
[EventDate "2017.06.17"]
[EventType "swiss"]
[EventRounds "7"]
[EventCountry "ARG"]
[SourceTitle "CBM 179 Extra"]
[Source "ChessBase"]
[SourceDate "2017.08.23"]
[SourceVersion "1"]
[SourceVersionDate "2017.08.23"]
[SourceQuality "1"]

1. e4 e5 2. Nf3 Nc6 3. d4 exd4 4. Nxd4 Nge7 5. Bc4 Nxd4 6. Qxd4 Nc6 7. Qd1 Bb4+
8. c3 Be7 9. O-O O-O 10. Be3 d6 11. Nd2 Kh8 12. Nb3 Ne5 13. Be2 c5 14. f4 Ng6
15. Nd2 f5 16. Qb3 Re8 17. Bb5 Bd7 18. exf5 Nh4 19. g4 Bxb5 20. Qxb5 d5 21.
Bxc5 Bxc5+ 22. Qxc5 Re2 23. Nf3 Nxf3+ 24. Rxf3 Qh4 25. h3 h5 26. g5 Re1+ 27.
Rxe1 Qxe1+ 28. Kg2 Re8 29. Rf2 Qe4+ 30. Kh2 Qxf5 31. Qxa7 h4 32. Qb6 Kh7 33.
Qd4 Re1 34. Qd2 Qe4 35. Rg2 Rf1 36. Qc2 Kg6 37. c4 Qxc2 38. Rxc2 d4 39. c5 d3
40. Rd2 Rf3 41. Kg2 Rg3+ 42. Kh2 Kf5 43. b4 Kxf4 44. b5 Ke3 45. c6 Rxg5 46. Rb2
bxc6 47. b6 d2 48. Rb1 Rf5 49. b7 Rf2+ 50. Kg1 Rf8 0-1

[Event "Rosario Bandera Memorial"]
[Site "Rosario"]
[Date "2017.06.20"]
[Round "6"]
[White "Rodriguez Vila, Andres"]
[Black "Benedetti, Julio"]
[Result "1/2-1/2"]
[WhiteElo "2478"]
[BlackElo "2363"]
[PlyCount "124"]
[EventDate "2017.06.17"]
[EventType "swiss"]
[EventRounds "7"]
[EventCountry "ARG"]
[SourceTitle "EXT 2018"]
[Source "ChessBase"]
[SourceDate "2017.10.13"]
[SourceVersion "1"]
[SourceVersionDate "2017.10.13"]
[SourceQuality "1"]

1. e4 c5 2. Nf3 Nc6 3. d4 cxd4 4. Nxd4 Nf6 5. Nc3 e5 6. Ndb5 d6 7. Nd5 Nxd5 8.
exd5 Ne7 9. c4 Nf5 10. Bd3 Be7 11. O-O O-O 12. f4 g6 13. Kh1 a6 14. Nc3 Qb6 15.
Qe2 Re8 16. fxe5 Bf8 17. e6 fxe6 18. Bxf5 gxf5 19. Rxf5 Qd8 20. Qg4+ Kh8 21.
Rf7 exd5 22. Qd4+ Kg8 23. Rxf8+ Rxf8 24. Qxd5+ Kg7 25. Bg5 Qd7 26. Qd4+ Kg6 27.
Qh4 h5 28. h3 Qf5 29. Rd1 Qxg5 30. Rxd6+ Rf6 31. Qxg5+ Kxg5 32. Ne4+ Kf5 33.
Nxf6 Be6 34. Nd5 Rf8 35. Ne7+ Ke5 36. c5 Rf1+ 37. Kh2 Bxa2 38. Rb6 Rc1 39. b4
a5 40. Rxb7 a4 41. c6 Be6 42. Ra7 Kd6 43. b5 a3 44. b6 a2 45. Nc8+ Kc5 46. b7
Rb1 47. Ra6 Bc4 48. Ra4 Kxc6 49. b8=Q Rxb8 50. Rxc4+ Kb5 51. Nd6+ Ka5 52. Rc7
Ka6 53. Rc6+ Rb6 54. Rc8 Ka7 55. Rc7+ Ka8 56. Nc4 Rb7 57. Rxb7 a1=Q 58. Rb5 Qf1
59. Rxh5 Qf4+ 60. Kh1 Qf1+ 61. Kh2 Qf4+ 62. Kh1 Qf1+ 1/2-1/2

[Event "Rosario Bandera Memorial"]
[Site "Rosario"]
[Date "2017.06.20"]
[Round "7"]
[White "Paganini, Jose Ignacio"]
[Black "Rodriguez Vila, Andres"]
[Result "0-1"]
[WhiteElo "1935"]
[BlackElo "2478"]
[PlyCount "84"]
[EventDate "2017.06.17"]
[EventType "swiss"]
[EventRounds "7"]
[EventCountry "ARG"]
[SourceTitle "EXT 2018"]
[Source "ChessBase"]
[SourceDate "2017.10.13"]
[SourceVersion "1"]
[SourceVersionDate "2017.10.13"]
[SourceQuality "1"]

1. e4 e6 2. d4 d5 3. exd5 exd5 4. Nf3 Nc6 5. Bf4 Nf6 6. c3 Be7 7. Bd3 O-O 8.
Nbd2 Nh5 9. Bg3 f5 10. Ne5 g6 11. f4 Nxe5 12. dxe5 c5 13. c4 Kh8 14. Be2 Ng7
15. Qc2 Ne6 16. Nf3 dxc4 17. Bxc4 b5 18. Bxe6 Qa5+ 19. Qd2 Qxd2+ 20. Nxd2 Bxe6
21. Nf3 Rfd8 22. O-O Rac8 23. Rfd1 a5 24. a3 Bb3 25. Rxd8+ Rxd8 26. Be1 a4 27.
Nd2 Be6 28. Kf2 h6 29. Ke3 g5 30. g3 Bf7 31. Nf3 Bc4 32. Nd2 Rd3+ 33. Kf2 Bf7
34. Ke2 c4 35. Nf1 Bh5+ 36. Kf2 Bc5+ 37. Kg2 Bf3+ 38. Kh3 Be7 39. fxg5 hxg5 40.
g4 f4 41. Bc3 Kg8 42. Nd2 Bd5+ 0-1

[Event "Villa Tehuelches op"]
[Site "Villa Tehuelches"]
[Date "2017.07.11"]
[Round "1"]
[White "Bordoli, Cristian"]
[Black "Rodriguez Vila, Andres"]
[Result "0-1"]
[WhiteElo "2055"]
[BlackElo "2486"]
[PlyCount "52"]
[EventDate "2017.07.11"]
[EventType "swiss"]
[EventRounds "7"]
[EventCountry "CHI"]
[SourceTitle "EXT 2018"]
[Source "ChessBase"]
[SourceDate "2017.10.13"]
[SourceVersion "1"]
[SourceVersionDate "2017.10.13"]
[SourceQuality "1"]

1. e4 e6 2. d4 d5 3. exd5 exd5 4. Bd3 c5 5. dxc5 Bxc5 6. Nf3 Nc6 7. c3 Nge7 8.
O-O O-O 9. Nbd2 Bb6 10. Re1 h6 11. Nf1 Qd6 12. h3 Ng6 13. Be3 Nf4 14. Bxf4 Qxf4
15. Qd2 Qd6 16. Rad1 Be6 17. Ne3 Rad8 18. Nf5 Bxf5 19. Bxf5 Qf6 20. Bb1 d4 21.
cxd4 Nxd4 22. Nxd4 Bxd4 23. Qc2 g6 24. b3 Rc8 25. Qe2 h5 26. Rd3 Rce8 0-1

[Event "Villa Tehuelches op"]
[Site "Villa Tehuelches"]
[Date "2017.07.11"]
[Round "2"]
[White "Rodriguez Vila, Andres"]
[Black "Ocantos, Manuel"]
[Result "1-0"]
[WhiteElo "2486"]
[BlackElo "2200"]
[PlyCount "90"]
[EventDate "2017.07.11"]
[EventType "swiss"]
[EventRounds "7"]
[EventCountry "CHI"]
[SourceTitle "EXT 2018"]
[Source "ChessBase"]
[SourceDate "2017.10.13"]
[SourceVersion "1"]
[SourceVersionDate "2017.10.13"]
[SourceQuality "1"]

1. e4 g6 2. d4 Bg7 3. f4 d6 4. Nf3 e6 5. c4 Ne7 6. Nc3 Nd7 7. Bd3 a6 8. O-O c5
9. d5 exd5 10. exd5 Nf6 11. a4 O-O 12. Ne2 Nf5 13. h3 Re8 14. Kh2 Ne3 15. Bxe3
Rxe3 16. Qd2 Re7 17. Nc3 b6 18. f5 Nd7 19. Ne4 Ne5 20. Nxe5 Rxe5 21. Ng5 Ra7
22. Kh1 h6 23. Nf3 Rxf5 24. Bxf5 Bxf5 25. Rae1 Re7 26. Rxe7 Qxe7 27. Re1 Qf6
28. Re8+ Kh7 29. Qe2 Qxb2 30. Qxb2 Bxb2 31. Rb8 a5 32. Rxb6 Bc3 33. Rxd6 Bc2
34. Rc6 Bxa4 35. Rxc5 Kg7 36. Rc7 Bb3 37. d6 Kf6 38. c5 a4 39. c6 Bd5 40. d7
Ke7 41. Rc8 Ba5 42. Nd4 a3 43. Re8+ Kd6 44. d8=Q+ Bxd8 45. Rxd8+ Kc5 1-0

[Event "Villa Tehuelches op"]
[Site "Villa Tehuelches"]
[Date "2017.07.12"]
[Round "3"]
[White "Perez, Maximiliano"]
[Black "Rodriguez Vila, Andres"]
[Result "1/2-1/2"]
[WhiteElo "2399"]
[BlackElo "2486"]
[PlyCount "102"]
[EventDate "2017.07.11"]
[EventType "swiss"]
[EventRounds "7"]
[EventCountry "CHI"]
[SourceTitle "EXT 2018"]
[Source "ChessBase"]
[SourceDate "2017.10.13"]
[SourceVersion "1"]
[SourceVersionDate "2017.10.13"]
[SourceQuality "1"]

1. e4 c5 2. Nf3 b6 3. d4 cxd4 4. Nxd4 Bb7 5. Nc3 Nc6 6. Bc4 Nf6 7. O-O e6 8.
Nxc6 dxc6 9. Qf3 Bd6 10. Bf4 Bxf4 11. Qxf4 O-O 12. Rad1 Qe7 13. e5 Nd5 14. Nxd5
exd5 15. Bd3 c5 16. c3 Rad8 17. Rfe1 d4 18. c4 f5 19. exf6 Qxf6 20. Qxf6 Rxf6
21. Re7 Rf7 22. Bxh7+ Kf8 23. Re5 Re7 24. Rxe7 Kxe7 25. Re1+ Kf6 26. Bd3 Bc6
27. f4 Be8 28. h4 Bd7 29. Re5 Rh8 30. g3 g6 31. Kf2 Rh5 32. Re1 Rh8 33. b4 Bf5
34. Bxf5 gxf5 35. bxc5 bxc5 36. Re5 Rb8 37. g4 fxg4 38. Rxc5 Rd8 39. Rg5 d3 40.
Ke1 Rd4 41. c5 Rxf4 42. Kd2 Rd4 43. c6 Rc4 44. Kxd3 Rxc6 45. Rxg4 Ra6 46. a4
Ra5 47. Kc3 Rh5 48. Re4 a5 49. Kd4 Kf7 50. Ke3 Kf6 51. Kf4 Rxh4+ 1/2-1/2